ABC's Fast Typing Challenge - Statistics

General Stats
  • This quiz has been taken 761 times
  • The average score is 22 of 26
Answer Stats
Hint Answer % Correct
A A
98%
D D
95%
B B
94%
E E
94%
C C
93%
F F
93%
H H
93%
G G
92%
I I
90%
K K
90%
J J
89%
L L
88%
O O
86%
P P
84%
Q Q
84%
M M
83%
R R
82%
N N
81%
S S
80%
U U
80%
T T
79%
W W
79%
V V
75%
Y Y
72%
X X
70%
Z Z
70%
No matching quizzes found
Score Distribution
Percent of People with Each Score
Percentile by Number Answered
Your Score History
You have not taken this quiz